Statistics for Countries with the Most Tourists to Mexico

Click here to take the quiz!

General Stats

  • This quiz has been taken 40 times
  • The average score is 9 of 10

Answer Stats

TouristsCountry% Correct
1,985,084Canada
100%
10,340,463United States
100%
376,520Brazil
97%
474,248Argentina
95%
377,349Spain
95%
563,099United Kingdom
95%
277,352Germany
92%
485,371Colombia
89%
260,821France
89%
212,613Peru
73%

Score Distribution

Percentile by Number Answered

Percent of People with Each Score

Your Score History

You have not taken this quiz